[Event "WYCC U16 Open 2013"]
[Site "Al-Ain UAE"]
[Date "2013.12.20"]
[Round "3.64"]
[White "Tominga, Eke"]
[Black "Choi, Ian"]
[Result "1-0"]
[WhiteElo "2064"]
[BlackElo "1655"]
[WhiteFideId "4503570"]
[BlackFideId "13201379"]
[EventDate "2013.12.18"]

1. e4 e6 2. d4 d5 3. Nc3 Bb4 4. e5 c5 5. a3 Bxc3+ 6. bxc3 Ne7 7. Qg4 Qc7 8. Bd3
cxd4 9. Ne2 dxc3 10. Qxg7 Rg8 11. Qxh7 Qxe5 12. h4 Nbc6 13. Bf4 Qf6 14. Bg5 Qe5
15. f4 Qh8 16. Qxh8 Rxh8 17. h5 Ng8 18. Nxc3 f6 19. Bh4 Kf7 20. g4 e5 21. f5 e4
22. Be2 Nd4 23. Nxd5 Nxc2+ 24. Kd2 Nxa1 25. Bc4 b5 26. Ba2 Kg7 27. Nc7 Bb7 28.
Ne6+ Kf7 29. Nd8+ Ke7 30. Nxb7 Rb8 31. Na5 e3+ 32. Ke2 Rc8 33. Rxa1 Nh6 34. Kf3
Rc3 35. Bd5 e2+ 36. Kf4 Rd8 37. Nc6+ Rxc6 38. Bxc6 Rd1 39. Ra2 e1=Q 40. Bxe1
Rxe1 41. Bf3 Rc1 42. Re2+ Kf8 43. Re6 Rc4+ 44. Kg3 Kf7 45. Ra6 Ra4 46. Rxa4 bxa4
47. Kf4 Kg7 48. Bd5 Kh7 49. g5 fxg5+ 50. Kxg5 a6 51. f6 a5 52. Be4+ Kg8 53. Kxh6
Kf7 54. Kg5 1-0

[Event "WYCC U16 Open 2013"]
[Site "Al-Ain UAE"]
[Date "2013.12.20"]
[Round "3.67"]
[White "Lopatik, Nikita"]
[Black "Hamawi, Karim"]
[Result "1-0"]
[WhiteElo "1956"]
[BlackElo "1640"]
[WhiteFideId "13504150"]
[BlackFideId "5303621"]
[EventDate "2013.12.18"]

1. e4 c5 2. Nf3 d6 3. d4 cxd4 4. Qxd4 a6 5. c4 Nc6 6. Qe3 g6 7. Nc3 Nf6 8. h3
Bg7 9. Be2 O-O 10. O-O Qc7 11. Rb1 h6 12. b3 Be6 13. Bb2 Nd7 14. Nd5 Bxd5 15.
exd5 Nce5 16. Nxe5 Nxe5 17. Qc3 g5 18. f4 gxf4 19. Rxf4 e6 20. Rd1 b5 21. Qg3
exd5 22. Rxd5 Ng6 23. Bxg7 Kxg7 24. Bh5 Rae8 25. Rfd4 Re6 26. c5 Rfe8 27. cxd6
Re1+ 28. Kh2 Qc1 29. Rd1 Rxd1 30. Rxd1 Qc6 31. d7 Rd8 32. Rd6 Qe4 33. Bxg6 fxg6
34. Qc3+ Kh7 35. Qf6 Qf5 36. Qe7+ 1-0

[Event "WYCC U16 Open 2013"]
[Site "Al-Ain UAE"]
[Date "2013.12.20"]
[Round "3.68"]
[White "Emad, Majdlawy"]
[Black "Dixit, Kumar"]
[Result "0-1"]
[WhiteElo "1470"]
[BlackElo "1951"]
[WhiteFideId "8106070"]
[BlackFideId "421103"]
[EventDate "2013.12.18"]

1. d4 d5 2. Nf3 Nf6 3. Bf4 c5 4. e3 Nc6 5. c3 Qb6 6. Qb3 c4 7. Qxb6 axb6 8. Nbd2
b5 9. Be2 b4 10. Ne5 Bf5 11. O-O e6 12. Ndf3 Nxe5 13. Bxe5 bxc3 14. bxc3 Ne4 15.
Rfc1 Ba3 16. Re1 Nxc3 17. Bxc4 Bb2 18. Bb5+ Nxb5 19. Rad1 Bc2 20. Rb1 Bxb1 21.
Rxb1 Rxa2 22. h4 Nc3 23. Rf1 Ne2+ 24. Kh2 Nf4 25. exf4 Bxd4 0-1

[Event "WYCC U16 Open 2013"]
[Site "Al-Ain UAE"]
[Date "2013.12.21"]
[Round "4.1"]
[White "Bodek, Michael H"]
[Black "Duda, Jan-Krzysztof"]
[Result "0-1"]
[WhiteTitle "FM"]
[BlackTitle "GM"]
[WhiteElo "2382"]
[BlackElo "2557"]
[WhiteFideId "2043858"]
[BlackFideId "1170546"]
[EventDate "2013.12.18"]

1. e4 c5 2. Nf3 d6 3. d4 cxd4 4. Nxd4 Nf6 5. Nc3 a6 6. h3 e5 7. Nde2 h5 8. Bg5
Be6 9. Bxf6 Qxf6 10. Nd5 Qd8 11. Nec3 Nd7 12. Bc4 Rc8 13. Bb3 g6 14. O-O Bh6 15.
Qf3 O-O 16. Rad1 Kg7 17. Ne3 Nc5 18. Rd2 Bxb3 19. cxb3 Ne6 20. Qd1 Bxe3 21. fxe3
Rc6 22. Rdf2 Qh4 23. Qf3 Nc7 24. b4 b5 25. a3 Qg5 26. Qe2 Rc4 27. Rf3 Qh4 28.
Qd1 Rc6 29. Qb3 Qe7 30. R1f2 Ne6 31. Qd5 Rc4 32. Rf6 Nf4 33. R6xf4 exf4 34. exf4
f5 35. exf5 Rxf5 36. Qd2 Qf7 37. g3 h4 38. Qxd6 hxg3 39. Re2 Rcxf4 40. Re7 Rf1+
41. Kg2 R5f2+ 0-1

[Event "WYCC U16 Open 2013"]
[Site "Al-Ain UAE"]
[Date "2013.12.21"]
[Round "4.2"]
[White "Das, Sayantan"]
[Black "Paravyan, David"]
[Result "0-1"]
[WhiteTitle "IM"]
[BlackTitle "IM"]
[WhiteElo "2377"]
[BlackElo "2441"]
[WhiteFideId "5034426"]
[BlackFideId "4194985"]
[EventDate "2013.12.18"]

1. e4 e5 2. Nf3 Nc6 3. Bb5 a6 4. Ba4 Nf6 5. O-O Be7 6. Re1 b5 7. Bb3 d6 8. c3
O-O 9. h3 Nb8 10. d4 Nbd7 11. Nbd2 Bb7 12. Bc2 Re8 13. Nf1 Bf8 14. Ng3 g6 15. a4
c5 16. d5 c4 17. Be3 Qc7 18. Nh2 Bg7 19. Ng4 Nxg4 20. hxg4 f6 21. Nf1 Reb8 22.
Nd2 Bc8 23. Qe2 Nc5 24. axb5 axb5 25. g3 Ra6 26. Rxa6 Bxa6 27. Ra1 Bb7 28. Qd1
Bf8 29. Ra7 Ra8 30. Rxa8 Bxa8 31. Qa1 Bb7 32. Qa7 Na6 33. Nb1 Bc8 34. Qa8 Qd7
35. Bd1 f5 36. gxf5 gxf5 37. exf5 Nc7 38. Qa7 Nxd5 39. Qxd7 Bxd7 40. g4 h5 41.
gxh5 Nxe3 42. fxe3 d5 43. Bf3 e4 44. Bg4 Kf7 45. Kf2 Kf6 46. Na3 Kg5 47. Bh3 Kh4
48. Bf1 Kxh5 49. Nc2 Bc5 50. Nb4 Bxb4 51. cxb4 Bxf5 52. Kg3 Bg4 53. Kf4 Kh4 54.
Bg2 Be2 55. Bh1 Kh3 56. Ke5 Bf3 57. Kxd5 Bxh1 58. Kc5 Kg3 59. Kxb5 Kf2 0-1

[Event "WYCC U16 Open 2013"]
[Site "Al-Ain UAE"]
[Date "2013.12.21"]
[Round "4.3"]
[White "Salomon, Johan"]
[Black "Sanal, Vahap"]
[Result "0-1"]
[BlackTitle "IM"]
[WhiteElo "2269"]
[BlackElo "2397"]
[WhiteFideId "1509500"]
[BlackFideId "6300545"]
[EventDate "2013.12.18"]

1. e4 e5 2. Nf3 Nc6 3. Bb5 a6 4. Ba4 Nf6 5. O-O Be7 6. Re1 b5 7. Bb3 O-O 8. c3
d6 9. h3 Nb8 10. d4 Nbd7 11. Nbd2 Bb7 12. Bc2 Re8 13. a4 c6 14. Nf1 Bf8 15. Ng3
g6 16. Bg5 Bg7 17. Qd2 Qe7 18. Rad1 Qf8 19. Qc1 Rad8 20. dxe5 dxe5 21. Rd2 h6
22. Be3 Rc8 23. Red1 Rc7 24. Qa1 Ra8 25. Qa2 c5 26. b3 Qe7 27. Qa3 Bf8 28. Qb2
bxa4 29. bxa4 Qe6 30. Rb1 c4 31. Rdd1 Bc6 32. Qa2 Rac8 33. Nd2 Ba8 34. a5 Kh7
35. Ba4 Bc6 36. Rb2 Bxa4 37. Qxa4 Rc6 38. Rdb1 Ne8 39. Ne2 Nd6 40. f4 Nc5 41.
Qc2 Nb5 42. f5 Qd7 43. Nxc4 Qd3 44. Qxd3 Nxd3 45. Rd2 Rxc4 46. Rxd3 Rxe4 47.
fxg6+ Kxg6 48. Kf2 h5 49. Ke1 Rc6 50. Kd1 f5 51. Bd2 h4 52. Rd8 Be7 53. Rb8 Bc5
54. Rb3 Rd6 55. Rc8 Be3 56. Rb2 Ra4 57. Nc1 Rxa5 58. Ke2 Bxd2 59. Rxd2 Kf7 60.
Rxd6 Nxd6 61. Rc6 Ke7 62. Rc7+ Ke6 63. Rh7 Ra4 64. Nd3 Ra2+ 65. Kf1 Ra1+ 66. Ke2
Ra2+ 67. Kf1 Nc4 68. Rh6+ Ke7 69. Nb4 Ne3+ 70. Kg1 Rxg2+ 71. Kh1 Rg3 72. Rxh4 a5
73. Nc6+ Kf6 74. Nxa5 f4 75. Nb3 Nf5 0-1

[Event "WYCC U16 Open 2013"]
[Site "Al-Ain UAE"]
[Date "2013.12.21"]
[Round "4.4"]
[White "Vorontsov, Pavlo"]
[Black "Saiyn, Zhanat"]
[Result "1/2-1/2"]
[WhiteTitle "FM"]
[BlackTitle "FM"]
[WhiteElo "2392"]
[BlackElo "2360"]
[WhiteFideId "14116367"]
[BlackFideId "13703820"]
[EventDate "2013.12.18"]

1. Nf3 Nf6 2. c4 c5 3. Nc3 g6 4. d4 cxd4 5. Nxd4 Bg7 6. e4 d6 7. Be2 O-O 8. O-O
Nc6 9. Be3 Nxd4 10. Bxd4 Bd7 11. Rc1 Bc6 12. Qd3 a5 13. Kh1 Nd7 14. Bxg7 Kxg7
15. f4 Qb6 16. Rc2 Rad8 17. Bg4 Nf6 18. Bf3 e6 19. Rd2 Qc5 20. Rfd1 e5 21. f5
Rfe8 22. Be2 h6 23. fxg6 fxg6 24. Bf3 Rf8 25. Qe2 g5 26. h3 Rf7 27. b3 Qb4 28.
Qe3 Kg6 29. c5 Rfd7 30. cxd6 Rxd6 31. a3 Qxa3 32. Nd5 Bxd5 33. exd5 Re8 34. Be4+
Kg7 35. Rc2 Re7 36. Rc4 b5 37. Rc6 Qb4 38. Rxd6 Qxd6 39. Rf1 a4 40. bxa4 bxa4
41. Ra1 Qb4 42. Bc2 Qb2 43. Qa3 Qxa3 44. Rxa3 Nxd5 45. Rxa4 Rc7 46. Bd3 Nf6 47.
Kg1 Re7 48. Be4 h5 49. Kf2 Nxe4+ 50. Rxe4 Kf6 51. Ra4 Re6 52. Kf3 Rc6 53. Ke4
Rd6 54. g4 hxg4 55. hxg4 Ke6 56. Rc4 Ra6 57. Rb4 Rd6 58. Rc4 Ra6 1/2-1/2

[Event "WYCC U16 Open 2013"]
[Site "Al-Ain UAE"]
[Date "2013.12.21"]
[Round "4.5"]
[White "Karthikeyan, Murali"]
[Black "Tran, Tuan Minh"]
[Result "1-0"]
[WhiteTitle "IM"]
[BlackTitle "FM"]
[WhiteElo "2431"]
[BlackElo "2330"]
[WhiteFideId "5074452"]
[BlackFideId "12401820"]
[EventDate "2013.12.18"]

1. e4 c5 2. Nf3 d6 3. Bb5+ Bd7 4. Bxd7+ Nxd7 5. O-O Ngf6 6. Re1 e6 7. b3 Be7 8.
Bb2 O-O 9. d4 cxd4 10. Nxd4 Nc5 11. Nd2 d5 12. exd5 Nxd5 13. Qg4 Bf6 14. Rad1
Qa5 15. a4 Rac8 16. Qf3 Rfd8 17. Nc4 Qa6 18. Nb5 Nd7 19. Nbd6 Rc7 20. Ba3 N7b6
21. Nxb6 Qxb6 22. Nc4 Qc6 23. Rd3 Rcd7 24. Red1 h6 25. h3 a6 26. a5 Qb5 27. Bd6
Rc8 28. Be5 Bxe5 29. Nxe5 Rxc2 30. Nxd7 Qxd7 31. Rc3 Rxc3 32. Qxc3 Qb5 33. Qc4
Qxa5 34. Qc8+ Kh7 35. Qxb7 Kg6 36. Qc6 Kh7 37. Qc4 Kg6 38. Qe4+ Kf6 39. Rd3 Qa1+
40. Kh2 Qe5+ 41. Qxe5+ Kxe5 42. Rd1 Kd6 43. Rc1 Nb4 44. Rc8 Nc6 45. h4 h5 46. f3
a5 47. g4 Nd4 48. gxh5 Nxf3+ 49. Kg3 Nd4 50. Rg8 Nf5+ 51. Kf2 g6 52. Rh8 gxh5
53. Rxh5 Ke5 54. Rh8 Kf6 55. h5 Kg7 56. Rb8 Kh6 57. Kf3 Kxh5 58. Rb5 Kg6 59.
Rxa5 Kf6 60. Ke4 Ke7 61. Ra7+ Kf6 62. Rd7 e5 63. Kd5 Ne3+ 64. Kc5 Ke6 65. Rd6+
Ke7 66. b4 Nf5 67. Rd5 Ke6 68. b5 Nd4 69. b6 1-0

[Event "WYCC U16 Open 2013"]
[Site "Al-Ain UAE"]
[Date "2013.12.21"]
[Round "4.6"]
[White "Stremavicius, Titas"]
[Black "Wagner, Dennis"]
[Result "1/2-1/2"]
[BlackTitle "IM"]
[WhiteElo "2279"]
[BlackElo "2467"]
[WhiteFideId "12804444"]
[BlackFideId "24650684"]
[EventDate "2013.12.18"]

1. d4 Nf6 2. c4 g6 3. Nc3 d5 4. cxd5 Nxd5 5. g3 Bg7 6. Bg2 Nb6 7. Nf3 Nc6 8. e3
O-O 9. O-O Re8 10. Re1 a5 11. Rb1 Bf5 12. e4 Bg4 13. d5 Ne5 14. Bf4 Nbc4 15. Qe2
e6 16. Bxe5 Nxe5 17. h3 Bxf3 18. Bxf3 exd5 19. Nxd5 c6 20. Ne3 Nxf3+ 21. Qxf3
Qd3 22. Red1 Qxe4 23. Qxe4 Rxe4 24. Rd7 Rb8 25. b3 Rd4 26. Rd1 Rxd1+ 27. Rxd1 b5
28. Rd7 Rc8 29. a4 Rb8 30. Ra7 Bc3 31. Rc7 Rb6 32. Nd5 cxd5 33. Rxc3 bxa4 34.
bxa4 Rb4 35. Rc5 Rxa4 36. Rxd5 h5 37. Rd8+ Kg7 38. Ra8 g5 39. Ra6 f6 40. Kf1 Kg6
41. g4 hxg4 42. hxg4 Kf7 43. Ke2 Re4+ 44. Kd3 Ra4 45. Ke3 Ke7 46. f3 Kf7 47. Ke2
Ra3 48. Kf2 Ke7 49. Ke2 Kf7 50. Kf2 Ke7 51. Ke2 a4 52. Kf2 Ra1 53. Ke3 a3 54.
Ke4 a2 55. Kf5 Rf1 56. Rxa2 Rxf3+ 57. Kg6 Kd6 58. Ra5 Rf4 59. Rb5 Ke6 60. Ra5
Rxg4 61. Ra6+ Ke5 62. Rxf6 Rf4 63. Ra6 g4 64. Kg5 Rd4 65. Ra5+ Rd5 66. Rxd5+
Kxd5 67. Kxg4 1/2-1/2

[Event "WYCC U16 Open 2013"]
[Site "Al-Ain UAE"]
[Date "2013.12.21"]
[Round "4.7"]
[White "Asgarizadeh, Ahmad"]
[Black "Girish, A. Koushik"]
[Result "1-0"]
[BlackTitle "FM"]
[WhiteElo "2267"]
[BlackElo "2413"]
[WhiteFideId "12505684"]
[BlackFideId "5038448"]
[EventDate "2013.12.18"]

1. e4 e5 2. Nf3 Nc6 3. Bc4 Bc5 4. O-O Nf6 5. d3 d6 6. c3 a6 7. Bb3 Ba7 8. Nbd2
O-O 9. h3 Nh5 10. Nc4 Nf4 11. Bxf4 exf4 12. d4 b5 13. Ncd2 Rb8 14. Re1 Ne7 15.
Qe2 c5 16. Rad1 cxd4 17. cxd4 a5 18. Bc2 a4 19. e5 d5 20. Nb1 Be6 21. Nc3 Qd7
22. a3 Rb6 23. Qd2 Ng6 24. Ne2 Bf5 25. Bxf5 Qxf5 26. Rc1 Rb7 27. Rc6 Ne7 28. Rc2
g5 29. Rec1 Bb6 30. Rd1 h6 31. Qd3 Qe4 32. Qxe4 dxe4 33. Nd2 e3 34. fxe3 Nd5 35.
Nf1 fxe3 36. Rd3 Nf4 37. Nxf4 gxf4 38. g3 Rd8 39. gxf4 Rxd4 40. Rxd4 Bxd4 41.
Kg2 b4 42. Kf3 bxa3 43. bxa3 Rb2 44. Rxb2 Bxb2 45. Nxe3 Bxa3 46. Ke4 Bc1 47. Nc2
a3 48. e6 fxe6 49. Nxa3 Bxa3 50. f5 Kf7 51. fxe6+ Kxe6 52. h4 h5 53. Kf3 Kf5 54.
Kg2 Kg4 55. Kh1 Kxh4 56. Kh2 Bd6+ 57. Kg2 Kg4 58. Kh1 Kh3 59. Kg1 h4 60. Kh1 1-0

[Event "WYCC U16 Open 2013"]
[Site "Al-Ain UAE"]
[Date "2013.12.21"]
[Round "4.8"]
[White "Wang, Yiye"]
[Black "Juhasz, Armin"]
[Result "1/2-1/2"]
[WhiteElo "2408"]
[BlackElo "2272"]
[WhiteFideId "8606021"]
[BlackFideId "724270"]
[EventDate "2013.12.18"]

1. e4 c6 2. d4 d5 3. exd5 cxd5 4. Bd3 Nc6 5. c3 Nf6 6. Bf4 Bg4 7. Qb3 Qd7 8. Nd2
e6 9. Ngf3 Bxf3 10. Nxf3 Bd6 11. Bxd6 Qxd6 12. Qxb7 O-O 13. Bb5 Nxd4 14. cxd4
Qb4+ 15. Ke2 Qxb2+ 16. Ke3 Rab8 17. Qc6 Rxb5 18. Rhc1 Ra5 19. a4 Ne4 20. Qc2 Qb4
21. Ne5 Qd6 1/2-1/2

[Event "WYCC U16 Open 2013"]
[Site "Al-Ain UAE"]
[Date "2013.12.21"]
[Round "4.9"]
[White "Brown, Michael William"]
[Black "Ali Marandi, Cemil Can"]
[Result "1-0"]
[BlackTitle "IM"]
[WhiteElo "2272"]
[BlackElo "2391"]
[WhiteFideId "2037602"]
[BlackFideId "6300529"]
[EventDate "2013.12.18"]

1. d4 d5 2. c4 c6 3. Nc3 Nf6 4. e3 a6 5. Nf3 b5 6. b3 Bg4 7. h3 Bxf3 8. gxf3
Nbd7 9. f4 e6 10. c5 g6 11. Bd3 Bg7 12. Bb2 O-O 13. Qc2 Nh5 14. O-O-O f5 15.
Rdg1 Ndf6 16. Ne2 b4 17. f3 a5 18. Qd2 a4 19. Qxb4 axb3 20. axb3 Qd7 21. Qc3
Rfb8 22. Kd2 Rb7 23. Ra1 Rab8 24. Bc2 Ne8 25. Ra4 Nc7 26. Rha1 Qd8 27. Qd3 Qh4
28. Ng1 Bh6 29. Ra7 Rxa7 30. Rxa7 Qf2+ 31. Qe2 Qxg1 32. Rxc7 e5 33. dxe5 Nxf4
34. Qe1 Qg2+ 35. Kc1 Ne6 36. Rxc6 Kf7 37. f4 d4 38. Rxe6 Kxe6 39. Bxd4 Qxh3 40.
b4 g5 41. Bb3+ Ke7 42. fxg5 Bxg5 43. c6 f4 44. Qc3 Qf1+ 45. Kb2 Qg2+ 46. Bc2 Qd5
47. e4 Qa5 48. Bc5+ Ke8 49. Bd6 Be7 50. c7 1-0

[Event "WYCC U16 Open 2013"]
[Site "Al-Ain UAE"]
[Date "2013.12.21"]
[Round "4.10"]
[White "Jarmula, Lukasz"]
[Black "Harutyunian, Tigran K."]
[Result "1/2-1/2"]
[BlackTitle "FM"]
[WhiteElo "2213"]
[BlackElo "2390"]
[WhiteFideId "1160664"]
[BlackFideId "13303635"]
[EventDate "2013.12.18"]

1. e4 e5 2. Nf3 Nc6 3. Bb5 Nf6 4. O-O Nxe4 5. Re1 Nd6 6. Nxe5 Be7 7. Bf1 Nxe5 8.
Rxe5 O-O 9. d4 Bf6 10. Re1 Nf5 11. d5 d6 12. Nd2 Bg5 13. Ne4 Bxc1 14. Rxc1 Bd7
15. c4 b6 16. g3 Nh6 17. Qd2 Ng4 18. Bg2 h6 19. f4 Re8 20. Nc3 a6 21. Rxe8+ Qxe8
22. Re1 Qf8 23. Ne4 Bf5 24. h3 Bxe4 25. hxg4 Bxg2 26. Kxg2 Re8 27. Re3 Rxe3 28.
Qxe3 Qd8 29. Qe4 Qd7 30. g5 hxg5 31. fxg5 g6 32. b3 Qd8 33. Qe3 Kh7 34. g4 a5
35. a4 1/2-1/2

[Event "WYCC U16 Open 2013"]
[Site "Al-Ain UAE"]
[Date "2013.12.21"]
[Round "4.11"]
[White "Gireman, Ja"]
[Black "Akhmetov, Ayan"]
[Result "1-0"]
[WhiteElo "2248"]
[BlackElo "2382"]
[WhiteFideId "5043794"]
[BlackFideId "13703706"]
[EventDate "2013.12.18"]

1. e4 d6 2. d4 Nf6 3. Nc3 e5 4. dxe5 dxe5 5. Qxd8+ Kxd8 6. Nf3 Bd6 7. Bg5 Be6 8.
O-O-O Nd7 9. h3 Kc8 10. Be3 h6 11. Bd3 a6 12. g4 g5 13. a4 Bb4 14. Nd2 Nc5 15.
f3 Rd8 16. Ndb1 Nfd7 17. Be2 c6 18. b3 f6 19. Kb2 b5 20. axb5 axb5 21. h4 Nb7
22. hxg5 hxg5 23. Rh7 Bf8 24. Bf1 Bg8 25. Rh2 Bc5 26. Bxc5 Ndxc5 27. Rxd8+ Kxd8
28. Ne2 Ne6 29. Nbc3 Ke7 30. Nd1 Nd6 31. Ne3 Nd4 32. Rf2 Be6 33. Ng3 Rh8 34. Bg2
c5 35. Rf1 c4 36. b4 c3+ 37. Kxc3 Nc4 38. Nxc4 bxc4 39. Rh1 Nb5+ 40. Kb2 c3+ 41.
Kb1 Ra8 42. Nf5+ Bxf5 43. exf5 Na3+ 44. Ka2 Nxc2+ 45. Kb3 Ne3 46. Bf1 e4 47. Bb5
c2 48. fxe4 Kd6 49. Rc1 Ke5 50. Bd3 Nxg4 51. Rxc2 Ne3 52. Rc6 g4 53. Re6+ Kf4
54. Rxf6 g3 55. Rg6 Kf3 56. f6 g2 57. e5 Kf4 58. e6 Ng4 59. Be2 Nxf6 60. Rxg2
Ke5 61. Bc4 Ne4 62. Re2 Kd4 63. Rxe4+ 1-0

[Event "WYCC U16 Open 2013"]
[Site "Al-Ain UAE"]
[Date "2013.12.21"]
[Round "4.12"]
[White "Bellahcene, Bilel"]
[Black "Wu, Christopher"]
[Result "1/2-1/2"]
[WhiteTitle "FM"]
[WhiteElo "2311"]
[BlackElo "2198"]
[WhiteFideId "696358"]
[BlackFideId "2040875"]
[EventDate "2013.12.18"]

1. d4 d5 2. Nf3 Nf6 3. c4 c6 4. e3 e6 5. b3 Ne4 6. Bd3 f5 7. O-O Bd6 8. Nbd2 Nd7
9. Bb2 Qf6 10. Bxe4 fxe4 11. Ne5 O-O 12. f4 exf3 13. Ndxf3 Qh6 14. Qe2 Nxe5 15.
Nxe5 Bd7 16. h3 Bxe5 17. dxe5 c5 18. cxd5 exd5 19. Rf4 Qg5 20. Raf1 Be6 21. R1f3
Qe7 22. Bc3 Rf7 23. Rxf7 Bxf7 24. Rf4 Rd8 25. Qg4 Be6 26. Qf3 b6 27. Be1 Qc7 28.
Qh5 Bf7 29. Qg5 Re8 30. Bc3 Qe7 31. Qg3 Bg6 32. h4 Qe6 33. Qf2 h6 34. g4 Be4 35.
Kh2 Qe7 36. Kg3 b5 37. g5 hxg5 38. hxg5 b4 39. Bb2 Qxg5+ 40. Rg4 Qf5 41. e6
Qxf2+ 42. Kxf2 g6 43. Rh4 Rxe6 44. Rh8+ Kf7 45. Rh7+ Kf8 46. Rxa7 c4 47. Bd4 Rc6
48. bxc4 dxc4 49. Ra4 c3 50. Rxb4 c2 51. Bb2 Bd5 52. Bc1 Bxa2 53. e4 Rd6 54. Rb2
Bb1 55. Rb7 Rd1 56. Bh6+ Ke8 57. Rc7 c1=Q 58. Rxc1 1/2-1/2

[Event "WYCC U16 Open 2013"]
[Site "Al-Ain UAE"]
[Date "2013.12.21"]
[Round "4.13"]
[White "Azarya, Jodi Setyaki"]
[Black "Enkhnar, Enkhbaatar"]
[Result "1-0"]
[WhiteTitle "CM"]
[WhiteElo "2112"]
[BlackElo "2309"]
[WhiteFideId "7101589"]
[BlackFideId "4900324"]
[EventDate "2013.12.18"]

1. e4 c5 2. Nf3 e6 3. d4 cxd4 4. Nxd4 a6 5. Nc3 Qc7 6. Bd3 Nf6 7. O-O b5 8. Qe2
b4 9. Nb1 Bd6 10. h3 Bb7 11. Nd2 Bf4 12. N2f3 Bxc1 13. Rfxc1 d5 14. e5 Ne4 15.
a3 bxa3 16. Rxa3 O-O 17. c4 Nd7 18. Qe3 Rfc8 19. c5 Nb8 20. Qf4 Qd8 21. b4 Nc6
22. Nxc6 Bxc6 23. Nd4 Qd7 24. f3 Bb7 1-0

[Event "WYCC U16 Open 2013"]
[Site "Al-Ain UAE"]
[Date "2013.12.21"]
[Round "4.14"]
[White "Sultan, Ibrahim"]
[Black "Stathopoulos, Ioannis"]
[Result "0-1"]
[BlackTitle "FM"]
[WhiteElo "1954"]
[BlackElo "2297"]
[WhiteFideId "9301143"]
[BlackFideId "4223098"]
[EventDate "2013.12.18"]

1. d4 Nf6 2. c4 e6 3. Nc3 Bb4 4. e3 O-O 5. Bd3 d5 6. Nf3 c5 7. a3 Bxc3+ 8. bxc3
Nc6 9. O-O Na5 10. Ne5 Qc7 11. cxd5 exd5 12. Ra2 c4 13. Bb1 Ne4 14. Qc2 f6 15.
f3 Bf5 16. g4 Nxc3 17. gxf5 Nxa2 18. Bb2 fxe5 19. dxe5 c3 20. f6 gxf6 21. Bxa2
Rac8 22. Bxd5+ Kh8 23. Ba1 Qc5 24. Qe4 Rcd8 25. Ba2 Rd2 26. Bb1 c2 27. exf6 Rg8+
28. Qg4 Rxg4+ 29. fxg4 Qxe3+ 0-1

[Event "WYCC U16 Open 2013"]
[Site "Al-Ain UAE"]
[Date "2013.12.21"]
[Round "4.15"]
[White "Bluebaum, Matthias"]
[Black "Hu, Bryan"]
[Result "1-0"]
[WhiteTitle "IM"]
[WhiteElo "2529"]
[BlackElo "2176"]
[WhiteFideId "24651516"]
[BlackFideId "2066327"]
[EventDate "2013.12.18"]

1. d4 Nf6 2. c4 c5 3. d5 b5 4. cxb5 a6 5. bxa6 g6 6. Nc3 Bxa6 7. Nf3 d6 8. e4
Bxf1 9. Kxf1 Bg7 10. g3 O-O 11. Kg2 Nbd7 12. a4 Qb6 13. Qe2 Rfb8 14. Bd2 Ne8 15.
Rhb1 Qa6 16. Qxa6 Rxa6 17. a5 Rb4 18. Ne1 Bxc3 19. Bxc3 Rxe4 20. Nf3 Nef6 21.
Nd2 Rb4 22. Bxb4 cxb4 23. Rd1 Nxd5 24. Nc4 e6 25. Rd4 Nc5 26. Rad1 Rc6 27. Nb6
Nxb6 28. Rxd6 Rxd6 29. Rxd6 Nd5 30. a6 Nxa6 31. Rxa6 g5 32. Kf3 Kg7 33. Ra7 Kg6
34. Rb7 h6 35. Ke4 g4 36. Rb5 h5 37. Rxd5 exd5+ 38. Kxd5 Kf5 39. Kc4 Ke4 40.
Kxb4 Kf3 41. Kc3 Kxf2 42. b4 Kg2 43. b5 Kxh2 44. b6 Kxg3 45. b7 h4 46. b8=Q+ Kh3
47. Qc8 Kg3 48. Qc7+ Kg2 49. Qf4 f5 50. Qxf5 g3 51. Qe4+ 1-0

[Event "WYCC U16 Open 2013"]
[Site "Al-Ain UAE"]
[Date "2013.12.21"]
[Round "4.16"]
[White "Alekseenko, Kirill"]
[Black "Sibashvili, Giorgi"]
[Result "1-0"]
[WhiteTitle "FM"]
[WhiteElo "2445"]
[BlackElo "2173"]
[WhiteFideId "4135539"]
[BlackFideId "13602799"]
[EventDate "2013.12.18"]

1. e4 c5 2. Nf3 Nc6 3. d4 cxd4 4. Nxd4 g6 5. c4 Bg7 6. Be3 Nf6 7. Nc3 Ng4 8.
Qxg4 Nxd4 9. Qd1 Ne6 10. Rc1 O-O 11. Be2 b6 12. O-O Bb7 13. f3 f5 14. exf5 Rxf5
15. Qd2 d6 16. Rfe1 Qf8 17. Nd5 Re5 18. Kh1 g5 19. Bd3 Qf7 20. Bxg5 Nxg5 21.
Rxe5 Nxf3 22. Bxh7+ Kh8 23. Rxe7 Qxe7 24. gxf3 Qe5 25. Be4 Bxd5 26. Bxd5 Re8 27.
Rg1 Rf8 28. Rg3 Rf5 29. f4 Qe8 30. Re3 Qh5 31. Rg3 Qh4 32. Qe3 Qxf4 33. Rh3+ 1-0

[Event "WYCC U16 Open 2013"]
[Site "Al-Ain UAE"]
[Date "2013.12.21"]
[Round "4.17"]
[White "Vavulin, Maksim"]
[Black "Chandran, Kapil"]
[Result "1/2-1/2"]
[WhiteElo "2410"]
[BlackElo "2171"]
[WhiteFideId "4169530"]
[BlackFideId "2034077"]
[EventDate "2013.12.18"]

1. e4 c5 2. Nf3 e6 3. d4 cxd4 4. Nxd4 a6 5. Bd3 Nf6 6. O-O e5 7. Bg5 h6 8. Bxf6
Qxf6 9. Nf5 g6 10. Ne3 Bc5 11. Nc3 d6 12. b4 Ba7 13. Ncd5 Qd8 14. c3 O-O 15. Bc2
Be6 16. Bb3 Nc6 17. Qf3 Kg7 18. Rad1 Rc8 19. Nc4 b5 20. Nce3 Qg5 21. Kh1 a5 22.
a3 f5 23. exf5 gxf5 24. g3 Kh8 25. Bc2 Rf7 26. Rg1 Rg8 27. Qe2 Ne7 28. Nxe7 Qxe7
29. Qxb5 Bxe3 30. fxe3 axb4 31. axb4 Qc7 32. Qd3 Rd8 33. Rge1 Bc4 34. Qd2 Qc6+
35. Kg1 Rf6 36. Ra1 Rg8 37. Ra5 Ba6 38. Ba4 Qb6 39. Bb3 Rg7 40. Kh1 Rg5 41. Bd5
Kh7 42. Rea1 Bb7 43. Qd3 h5 44. Ra7 Rg7 45. Bxb7 Rxb7 46. Qa6 Rxa7 47. Qxa7+
Qxa7 48. Rxa7+ Kg6 49. Kg2 Rf8 50. Rd7 Rc8 51. Rxd6+ Kf7 52. Rd5 Rxc3 53. Rxe5
Kf6 54. Re8 Rb3 55. e4 Rxb4 56. Rf8+ Kg6 57. exf5+ Kg7 58. Ra8 Rb5 59. Ra7+ Kf6
60. Ra6+ Kxf5 61. h4 Rb2+ 62. Kh3 Rb5 63. Rh6 Ke4 64. Rh8 Ra5 65. Re8+ Kf5 66.
Kg2 Ra2+ 67. Kf3 Ra3+ 68. Kg2 Ra2+ 69. Kh3 Ra5 70. Rg8 Ke4 71. Rf8 Rb5 72. Rf2
Ra5 73. Rg2 Rb5 74. g4 Rb3+ 75. Rg3 hxg4+ 76. Kxg4 Rxg3+ 77. Kxg3 Kf5 1/2-1/2

[Event "WYCC U16 Open 2013"]
[Site "Al-Ain UAE"]
[Date "2013.12.21"]
[Round "4.18"]
[White "Pomini, Aurelien"]
[Black "Dastan, Muhammed Batuhan"]
[Result "0-1"]
[BlackTitle "IM"]
[WhiteElo "2165"]
[BlackElo "2409"]
[WhiteFideId "1320831"]
[BlackFideId "6300014"]
[EventDate "2013.12.18"]

1. e4 e5 2. Nf3 Nc6 3. d4 exd4 4. Bc4 Bc5 5. c3 Nf6 6. cxd4 Bb4+ 7. Nbd2 d5 8.
exd5 Nxd5 9. O-O O-O 10. a3 Be7 11. Qc2 Nb6 12. Bd3 h6 13. Nb3 Be6 14. Be3 Bd5
15. Nbd2 Nc8 16. Ne4 Nd6 17. Nc3 Bxf3 18. gxf3 Qd7 19. Ne2 Bf6 20. Kg2 Ne7 21.
Ng3 Nd5 22. Qd2 Rfe8 23. Rg1 c5 24. dxc5 Nc4 25. Bxc4 Nxe3+ 26. Qxe3 Rxe3 27.
fxe3 Qd2+ 28. Kh1 Qxe3 29. Bd5 Rd8 30. Bxb7 Qxc5 31. Ne4 Qb6 32. Nxf6+ Qxf6 33.
b4 Rd2 34. Rad1 Ra2 35. Rg2 Rxa3 36. b5 g6 37. Rgd2 Kg7 38. Bc6 h5 39. Rd3 Ra2
40. R3d2 Rxd2 41. Rxd2 h4 42. Ra2 h3 43. Kg1 Qg5+ 44. Kf1 Qc1+ 45. Kf2 Qf4 46.
Ke1 Kh6 47. Ra1 0-1